000 00589nam a2200193Ia 4500
005 20250730100227.0
008 008 250516s9999 xx 000 0 hin d
020 _a9788197264726
040 _beng
_cSDCL
041 _ahin
_2hin
084 _aO152,1(Δ73):g R4
245 0 _aSant Sahitya :
_bVichar Aur Vishleshan
246 _aसंत साहित्य :
_bविचार और साहित्य
260 _aNew Delhi :
_bSamkaleen Prakashan,
_c2024.
300 _a223p.
650 _aHindi
_9816897
700 _aMehra, Yashoda Ed.
_9816898
942 _cTEXL
_2CC
999 _c1430394
_d1430394